| Tag |
First Indicator |
Second Indicator |
Subfields |
| LEADER |
00000cam a2200000 a 4500 |
| 001 |
in00000070096 |
| 005 |
20151008061604.0 |
| 008 |
790501s1973 enk b 00000 engmd |
| 020 |
|
|
|a 0900675853
|
| 035 |
|
|
|a (OCoLC)04915370
|
| 035 |
|
|
|9 AAJ8385AM
|
| 040 |
|
|
|a BBH
|c BBH
|d m.c.
|d TXA
|d UtOrBLW
|
| 041 |
1 |
|
|a eng
|a und
|
| 043 |
|
|
|a e-uk-ni
|a e-ie---
|
| 049 |
|
|
|a TXAM
|c [1502931]
|
| 082 |
0 |
|
|a 891.6/2/31
|
| 090 |
|
|
|a PB1423.C8
|b G7 1973
|
| 245 |
0 |
0 |
|a Cuchulain of Muirthemne :
|b the story of the men of the Red Branch of Ulster /
|c arranged and put into English by Lady Gregory ; with a preface by W.B. Yeats and a foreword by Daniel Murphy.
|
| 250 |
|
|
|a 5th ed.
|
| 264 |
|
1 |
|a Gerrards Cross :
|b Smythe,
|c 1973.
|
| 300 |
|
|
|a 272 pages ;
|c 22 cm.
|
| 336 |
|
|
|a text
|b txt
|2 rdacontent
|
| 337 |
|
|
|a unmediated
|b n
|2 rdamedia
|
| 338 |
|
|
|a volume
|b nc
|2 rdacarrier
|
| 490 |
0 |
|
|a The Coole edition, 2
|
| 504 |
|
|
|a Bibliography: pages 271-272.
|
| 650 |
|
0 |
|a Folklore
|z Ireland.
|
| 700 |
1 |
|
|a Gregory,
|c Lady,
|d 1852-1932.
|
| 700 |
1 |
|
|a Yeats, W. B.
|q (William Butler),
|d 1865-1939.
|
| 730 |
0 |
|
|a Cuchulain.
|l English.
|
| 999 |
|
|
|a MARS
|
| 999 |
f |
f |
|s 2a23ef1a-d572-3d41-a4d4-82d48957b65a
|i 2aebe772-9502-32ef-a1fd-c33e41134d28
|t 0
|
| 952 |
f |
f |
|p ric
|a Texas A&M University
|b Rellis Campus
|c Joint Library Facility
|s JLF
|d Remote Storage
|t 0
|e PB1423.C8 G7 1973
|h Library of Congress classification
|i unmediated -- volume
|m A14806174032
|
| 998 |
f |
f |
|a PB1423.C8 G7 1973
|t 0
|l Remote Storage
|